A Narrative of Explorations in New Mexico, Arizona, Indiana, etc. Together with a brief History of the Department (Record no. 3853)
[ view plain ]
| 000 -CABECERA | |
|---|---|
| campo de control de longitud fija | 01101nam a2200277 a 4500 |
| 001 - NÚMERO DE CONTROL | |
| campo de control | BRCA_4137 |
| 005 - FECHA Y HORA DE LA ÚLTIMA TRANSACCIÓN | |
| campo de control | 20190320204546.0 |
| 008 - DATOS DE LONGITUD FIJA--INFORMACIÓN GENERAL | |
| campo de control de longitud fija | 140410s1906----u--a######---#000-0#eng-# |
| 041 ## - CÓDIGO DE LENGUA | |
| Código de lengua del texto/banda sonora o título independiente | eng |
| 044 ## - CÓDIGO DEL PAÍS DE LA ENTIDAD EDITORA/PRODUCTORA | |
| Código MARC del país | u |
| 050 #4 - SIGNATURA TOPOGRÁFICA DE LA BIBLIOTECA DEL CONGRESO | |
| Número de clasificación | F798 |
| Número de documento/Ítem | .M66 1906 |
| 100 1# - ENTRADA PRINCIPAL--NOMBRE DE PERSONA | |
| Nombre de persona | Moorehead, Warren K. |
| 9 (RLIN) | 10678 |
| 245 10 - MENCIÓN DE TÍTULO | |
| Título | A Narrative of Explorations in New Mexico, Arizona, Indiana, etc. Together with a brief History of the Department |
| Mención de responsabilidad, etc. | by Warren K. Moorehead. |
| 260 ## - PUBLICACIÓN, DISTRIBUCIÓN, ETC. | |
| Lugar de publicación, distribución, etc. | Andover, Massachusetts |
| Nombre del editor, distribuidor, etc. | The Andover Press |
| Fecha de publicación, distribución, etc. | 1906 |
| 300 ## - DESCRIPCIÓN FÍSICA | |
| Extensión | 179 p. |
| Otras características físicas | il. |
| Dimensiones | 24 cm. |
| 440 #0 - MENCIÓN DE SERIE/PUNTO DE ACCESO ADICIONAL--TÍTULO | |
| Título | Phillips Academy, Andover, Massachusetts, Department of Archaeology |
| Designación de volumen o secuencia | Bulletin ; 3 |
| 9 (RLIN) | 10679 |
| 500 ## - NOTA GENERAL | |
| Nota general | Appendix: A brief description of flint ridge by Gerard Fowke (reprinted from Primitive Man in Ohio, Nueva York, 1892 |
| 500 ## - NOTA GENERAL | |
| Nota general | Boletín inventariado por Banco de México como libro |
| 500 ## - NOTA GENERAL | |
| Nota general | Estado físico: Encuadernación deteriorada |
| 500 ## - NOTA GENERAL | |
| Nota general | C166 |
| 651 #4 - PUNTO DE ACCESO ADICIONAL DE MATERIA--NOMBRE GEOGRÁFICO | |
| Nombre geográfico | Nuevo México |
| Subdivisión general | Antigüedades |
| 9 (RLIN) | 10680 |
| 651 #4 - PUNTO DE ACCESO ADICIONAL DE MATERIA--NOMBRE GEOGRÁFICO | |
| Nombre geográfico | Arizona |
| Subdivisión general | Antigüedades |
| 9 (RLIN) | 9473 |
| 651 #4 - PUNTO DE ACCESO ADICIONAL DE MATERIA--NOMBRE GEOGRÁFICO | |
| Nombre geográfico | Indiana |
| Subdivisión general | Antigüedades |
| 9 (RLIN) | 10681 |
| 902 ## - CATALOGADOR | |
| Iniciales | GFM |
| 942 ## - ELEMENTOS DE PUNTO DE ACCESO ADICIONAL (KOHA) | |
| Fuente del sistema de clasificación o colocación | Library of Congress Classification |
| Tipo de ítem Koha | Libros |
| Estado de retiro | Estado de pérdida | Estado dañado | No para préstamo | Localización permanente | Ubicación/localización actual | Fecha de adquisición | Número de inventario | Total de préstamos | Signatura topográfica completa | Código de barras | Fecha visto por última vez | Precio válido a partir de | Tipo de ítem Koha |
|---|---|---|---|---|---|---|---|---|---|---|---|---|---|
| El ejemplar forma parte de la colección y puede ser consultado según las políticas vigentes. | Biblioteca del Museo Franz Mayer (Rogerio Casas-Alatriste) | Biblioteca del Museo Franz Mayer (Rogerio Casas-Alatriste) | 14/04/2010 | C166 | F798 .M66 1906 (C166) | 4134 | 22/03/2019 | 22/03/2019 | Libros |